<?xml version="1.0" encoding="UTF-8"?>
<record
    xmlns:xsi="http://www.w3.org/2001/XMLSchema-instance"
    xsi:schemaLocation="http://www.loc.gov/MARC21/slim http://www.loc.gov/standards/marcxml/schema/MARC21slim.xsd"
    xmlns="http://www.loc.gov/MARC21/slim">

  <leader>04210cam a22004934i 4500</leader>
  <controlfield tag="003">PE-LiUPU</controlfield>
  <controlfield tag="005">20250731184537.0</controlfield>
  <controlfield tag="008">180313s2007    ne a    rb    001 0 gw  d</controlfield>
  <datafield tag="020" ind1=" " ind2=" ">
    <subfield code="a">9789004155794</subfield>
  </datafield>
  <datafield tag="035" ind1=" " ind2=" ">
    <subfield code="a">(Sirsi) a241544</subfield>
  </datafield>
  <datafield tag="040" ind1=" " ind2=" ">
    <subfield code="a">PE-LiUPU</subfield>
    <subfield code="b">spa</subfield>
    <subfield code="c">PE-LiUPU</subfield>
    <subfield code="e">rda</subfield>
  </datafield>
  <datafield tag="049" ind1=" " ind2=" ">
    <subfield code="a">PRUA</subfield>
  </datafield>
  <datafield tag="082" ind1="0" ind2="4">
    <subfield code="a">948.9</subfield>
    <subfield code="b">D5</subfield>
    <subfield code="2">3</subfield>
  </datafield>
  <datafield tag="100" ind1="1" ind2=" ">
    <subfield code="a">Janus, Moller,</subfield>
    <subfield code="e">autor.</subfield>
  </datafield>
  <datafield tag="245" ind1="1" ind2="0">
    <subfield code="a">Denmark and the Crusades, 1400-1650 /</subfield>
    <subfield code="c">by Janus Moller Jensen.</subfield>
  </datafield>
  <datafield tag="264" ind1=" " ind2="1">
    <subfield code="a">Leiden :</subfield>
    <subfield code="b">Brill,</subfield>
    <subfield code="c">2007.</subfield>
  </datafield>
  <datafield tag="300" ind1=" " ind2=" ">
    <subfield code="a">ix, 399 p&#xE1;ginas :</subfield>
    <subfield code="b">ilustraciones ;</subfield>
    <subfield code="c">25 cent&#xED;metros</subfield>
  </datafield>
  <datafield tag="336" ind1=" " ind2=" ">
    <subfield code="a">text</subfield>
    <subfield code="2">rdacontent</subfield>
  </datafield>
  <datafield tag="337" ind1=" " ind2=" ">
    <subfield code="a">unmediated</subfield>
    <subfield code="2">rdamedia</subfield>
  </datafield>
  <datafield tag="338" ind1=" " ind2=" ">
    <subfield code="a">volume</subfield>
    <subfield code="2">rdacarrier</subfield>
  </datafield>
  <datafield tag="490" ind1="0" ind2=" ">
    <subfield code="a">The Northern world 1569-1462 ;</subfield>
    <subfield code="v">30</subfield>
  </datafield>
  <datafield tag="504" ind1=" " ind2=" ">
    <subfield code="a">Bibliograf&#xED;a : p&#xE1;ginas 353-388.</subfield>
  </datafield>
  <datafield tag="504" ind1=" " ind2=" ">
    <subfield code="a">&#xCD;ndice : p&#xE1;ginas 389-399.</subfield>
  </datafield>
  <datafield tag="505" ind1="0" ind2=" ">
    <subfield code="a">List of illustrations -- List of maps -- Preface -- Introducction -- Crusade historiography in Denmark -- The Golden age -- New trends -- International crusade historiography -- Denmark in the late middle ages and the early modern period -- Crusades at the ends of the earth, 1400-1523 -- Denmark and the crusade in the fourteenth century -- Valdemar IV and the crusade -- Crusades in Scandinavia 1400-1448 -- Papal collectors -- The crusade and the Teutonic Knights -- Crusades against the Hussites -- Denmark and the Hussite crusades -- Christopher of Bavaria and the Crusade -- Christian I and Crusades against the Turk 1448-1481 -- The norwegian problem -- Crusades against the turks and peace in the North -- The fall of Constantinople -- The Northern Frontier -- The collection of funds by Marinus de Fregeno -- The Crusade of Pius II -- From Ancona to the fall of Negroponte 1464-1470 -- Preaching the Crusades -- Spreading the world -- Crusade liturgy -- Letters of indulgence -- Crusading Nuns -- Crusade literature -- Crusades against the Russians -- King Hans and the Crusade against the Turk -- Christian II and the Crusade: Part I -- Chapter two: Greenland and the Crusades -- The forgotten Periphery -- The Skarelings -- The heathens of the Far North -- Crusade in the Atlantic -- The Southern front -- The Northern front -- Danish crusades to India -- Danish crusades in India -- Conclusions: The forgotten crusades -- Crusades and reformation -- Christian II and the Crusade: Part II -- Exile, protestantism, and the Crusade -- The last Danish Crusade? -- Martin Luther and the War against the Turk -- Luther and the Turkish advance -- Secular war and Martyrdom -- Ob Kriesgleute auch in seligem Stande sein L&#xF6;nnen? -- The war against the Turks -- The right intention -- Apocalyptic thoughts concerning the Turk -- Liturgical war against the Turks -- Conclusions -- Chapter four: Protestant crusades? -- Christian III and war against the Turks -- Paulus Helie and the Lutheran Turks -- Denmark, protestantism, and the Crusade -- Spiritual Warfare against the Turks -- Peder Palladius and the Turks -- Protestantism and religious War, 1559-1648 -- Liturgical Warfare -- The war against the Turks -- The Turks in the North Atlantic -- Pilgrims to the holy sepulchre -- Crusade in literature and print -- Prince Svend -- The order of the Armed Arm -- The knights of Saint John in Scandinavia -- Orders of Chivalry in Denmark -- The order of the Elephant -- The legend and the order of Dannebrog -- Denmark in the thirty years&#xB4;s war -- The lion of the North -- Explanations for defeat -- Conclusion -- Appendix A -- Illustrations -- Bibliography -- Manuscript sources -- Abbreviations -- Literature and sources -- Index.</subfield>
  </datafield>
  <datafield tag="526" ind1=" " ind2=" ">
    <subfield code="a">P136</subfield>
  </datafield>
  <datafield tag="526" ind1=" " ind2=" ">
    <subfield code="a">P135</subfield>
  </datafield>
  <datafield tag="526" ind1=" " ind2=" ">
    <subfield code="a">P134</subfield>
  </datafield>
  <datafield tag="526" ind1=" " ind2=" ">
    <subfield code="a">P133</subfield>
  </datafield>
  <datafield tag="526" ind1=" " ind2=" ">
    <subfield code="a">P144</subfield>
  </datafield>
  <datafield tag="526" ind1=" " ind2=" ">
    <subfield code="a">P143</subfield>
  </datafield>
  <datafield tag="526" ind1=" " ind2=" ">
    <subfield code="a">P87</subfield>
  </datafield>
  <datafield tag="526" ind1=" " ind2=" ">
    <subfield code="a">P35</subfield>
  </datafield>
  <datafield tag="526" ind1=" " ind2=" ">
    <subfield code="a">P20</subfield>
  </datafield>
  <datafield tag="526" ind1=" " ind2=" ">
    <subfield code="a">P14</subfield>
  </datafield>
  <datafield tag="526" ind1=" " ind2=" ">
    <subfield code="a">P10</subfield>
  </datafield>
  <datafield tag="526" ind1=" " ind2=" ">
    <subfield code="a">P06</subfield>
  </datafield>
  <datafield tag="650" ind1="0" ind2="4">
    <subfield code="a">Gevolgen</subfield>
    <subfield code="x">Consecuencias.</subfield>
  </datafield>
  <datafield tag="910" ind1=" " ind2=" ">
    <subfield code="a">dbm</subfield>
    <subfield code="b">wmm</subfield>
    <subfield code="c">wmm</subfield>
    <subfield code="d">20180313</subfield>
  </datafield>
  <datafield tag="942" ind1=" " ind2=" ">
    <subfield code="2">ddc</subfield>
    <subfield code="c">BOOK</subfield>
  </datafield>
  <datafield tag="994" ind1=" " ind2=" ">
    <subfield code="a">C0</subfield>
    <subfield code="b">PEPRU</subfield>
  </datafield>
  <datafield tag="596" ind1=" " ind2=" ">
    <subfield code="a">1</subfield>
  </datafield>
  <datafield tag="999" ind1=" " ind2=" ">
    <subfield code="a">948.9 D5</subfield>
    <subfield code="w">DEWEY</subfield>
    <subfield code="c">27161</subfield>
    <subfield code="i">78372</subfield>
    <subfield code="d">27161</subfield>
    <subfield code="f">2021-11-11</subfield>
    <subfield code="g">4</subfield>
    <subfield code="l">CCODEBUL1</subfield>
    <subfield code="m">BUL</subfield>
    <subfield code="p">30.00</subfield>
    <subfield code="q">1</subfield>
    <subfield code="r">0</subfield>
    <subfield code="s">Y</subfield>
    <subfield code="t">BOOK</subfield>
    <subfield code="u">2018-3-13</subfield>
    <subfield code="x">TEOLOGIA</subfield>
    <subfield code="P">P35</subfield>
    <subfield code="0">COMPRA</subfield>
    <subfield code="o">.STAFF. Colecci&#xF3;n Teolog&#xED;a</subfield>
  </datafield>
  <datafield tag="980" ind1=" " ind2=" ">
    <subfield code="8">1</subfield>
    <subfield code="g">ALBERTO SANCHEZ Responsable de Automatizaci&#xF3;n</subfield>
  </datafield>
  <datafield tag="952" ind1=" " ind2=" ">
    <subfield code="r">2025-12-03 00:00:00</subfield>
    <subfield code="i">5</subfield>
    <subfield code="l">0</subfield>
    <subfield code="o">948.9 D5</subfield>
    <subfield code="p">78372</subfield>
    <subfield code="t">e1</subfield>
    <subfield code="v">35.00</subfield>
    <subfield code="w">2018-03-13</subfield>
    <subfield code="x">FT</subfield>
    <subfield code="y">BK</subfield>
    <subfield code="z">inventario-2023-12-13</subfield>
    <subfield code="1">0</subfield>
    <subfield code="2">ddc</subfield>
    <subfield code="5">0</subfield>
    <subfield code="7">0</subfield>
    <subfield code="8">GEN</subfield>
    <subfield code="f">P35</subfield>
    <subfield code="a">BUL</subfield>
    <subfield code="b">BUL</subfield>
    <subfield code="c">GEN</subfield>
    <subfield code="d">2018-03-13</subfield>
    <subfield code="e">COMPRA</subfield>
    <subfield code="g">30.00</subfield>
  </datafield>
</record>
